| 000 | 01309nam0a2200361 4500 | ||
|---|---|---|---|
| 001 | RU\NLR\bibl\470894 | ||
| 005 | 20250623190323.0 | ||
| 010 |
_a5-94777-014-8 _9500 |
||
| 021 |
_aRU _b2003-45129 _92155 |
||
| 035 | _a(NLR Aleph) 000464088 | ||
| 090 |
_a952247 _c952247 |
||
| 100 | _a20031210d2003 |||y0rusy50 ca | ||
| 101 | 0 | _arus | |
| 102 | _aRU | ||
| 105 | _aa ||||||||| | ||
| 200 | 1 |
_aПасха _e100 рецептов со всего света _f[Авт.-сост. Е.В. Бородачева и др.] |
|
| 210 |
_aСПб. _cКниж. дом _d2003 |
||
| 215 |
_a77,[3] с., [4] л. цв. ил. _d21 |
||
| 225 | 1 | _aПраздник для вас | |
| 606 | 1 |
_aПасха христианская, праздник _92533857 _3RU\NLR\AUTH\661500702 |
|
| 606 | 0 |
_aПасхи _xРецептура _92085262 _3RU\NLR\auth\661261376 |
|
| 606 | 0 |
_aКуличи _xРецептура _92083904 _3RU\NLR\auth\661259977 |
|
| 606 | 0 |
_aБлюда из яиц _xРецептура _91447560 _3RU\NLR\auth\66613082 |
|
| 686 | _aЭ37-521.22 | ||
| 686 | _aЛ997 | ||
| 702 | 1 |
_aБородачева _bЕ. В. _4220 |
|
| 801 | 0 |
_aRU _bNLR _c20031210 _gPSBO |
|
| 801 | 1 |
_aRU _bNLR _c20031210 |
|
| 942 | _cBOOK | ||
| 980 | _aNB | ||